[Event "EU-chT (Men) 13th"]
[Site "Leon"]
[Date "2001.11.09"]
[Round "4.1"]
[White "Cobb, James"]
[Black "Kotronias, Vasilios"]
[Result "0-1"]
[WhiteElo "2335"]
[BlackElo "2548"]
[Annotator "Atlas,V"]
[PlyCount "70"]
[EventDate "2001.11.06"]
[EventType "team-swiss"]
[EventRounds "9"]
[EventCountry "ESP"]
[SourceTitle "CBM 086"]
[Source "ChessBase"]
[SourceDate "2002.02.05"]
[SourceVersion "1"]
[SourceVersionDate "2002.02.05"]
[SourceQuality "1"]
[WhiteTeam "Wales"]
[BlackTeam "Cyprus"]
[WhiteTeamCountry "WLS"]
[BlackTeamCountry "CYP"]

1. Nf3 Nf6 2. g3 g6 3. Bg2 Bg7 4. c4 O-O 5. O-O d6 6. Nc3 e5 7. d3 h6 8. Rb1 a5
9. a3 Re8 10. Nd2 c6 11. Nde4 Nxe4 12. dxe4 Na6 13. b4 axb4 14. axb4 Nc7 15.
Qd3 Ne6 16. Rd1 Qf6 17. Be3 Nd4 18. Ra1 Be6 19. Bxd4 exd4 20. Na4 Ra6 21. Ra3
Rea8 22. Rda1 Qd8 23. c5 dxc5 24. Nxc5 Bc4 25. Qxc4 Rxa3 26. Rxa3 Rxa3 27. Nxb7
Ra1+ 28. Bf1 Qd7 29. Na5 Qh3 30. e3 dxe3 31. fxe3 Be5 32. Nxc6 $2 ({Allows for
a nice final combination. More stubborn was} 32. Qe2) {[%tqu "En","Black's
small army is fully mobilized and ready for the final attack on the enemy king
residence. How will you finish the game?","Destroy the pawn shield around the
enemy king!","Use your bishop!","e5g3","Corrrect! This excellent move wins on
the spot.",5]} 32... Bxg3 $1 {[%csl Rf1,Rg1,Rg3,Rh2][%cal Gh3g3,Gg3f2,Ga1g1]}
33. hxg3 (33. Ne7+ {loses after} Kg7 (33... Kf8 34. Qc8+ Qxc8 35. Nxc8 Bxh2+ {
is also clearly sufficient for win.}) 34. hxg3 Qxg3+ 35. Kh1 Qh3+ 36. Kg1 Qxe3+
37. Kh1 (37. Kg2 Qg5+) 37... Rc1 $19) 33... Qxg3+ 34. Kh1 Qf2 {Discoordinated
white pieces cannot do anything against Black's threat 35...Rf1+.} 35. Ne7+ Kh7
{[%csl Rf1][%cal Ga1h1,Gf2f1,Gf2h2]} 0-1

[Event "SRB-chT Central"]
[Site "Kraljevo"]
[Date "2011.09.20"]
[Round "5.3"]
[White "Mista, Aleksander"]
[Black "Bojkov, Dejan"]
[Result "1-0"]
[WhiteElo "2561"]
[BlackElo "2541"]
[Annotator "Bojkov,D"]
[PlyCount "69"]
[EventDate "2011.09.17"]
[EventType "team-tourn"]
[EventRounds "11"]
[EventCountry "SRB"]
[SourceTitle "CBM 144 Extra"]
[Source "ChessBase"]
[SourceDate "2011.10.28"]
[SourceVersion "1"]
[SourceVersionDate "2011.10.28"]
[SourceQuality "1"]
[WhiteTeam "Jelica"]
[BlackTeam "Jasenica"]
[WhiteTeamCountry "YUG"]
[BlackTeamCountry "YUG"]

1. Nf3 Nf6 2. c4 {A small surprise. Mista has played this move more often in
the Serbian League, but he usually choses the open games.} g6 3. g3 Bg7 4. Bg2
O-O 5. O-O d6 6. Nc3 e5 7. d3 Nbd7 {A flexible continuation.} ({The main move
is:} 7... Nc6) 8. Rb1 {[%cal Gb2b4,Gb4b5,Ga2a4,Ga4a5,Ga5a6]} Re8 {[%cal Gd7f8,
Re5e4]} 9. Nd2 {In the event of:} (9. b4 {Black can react with:} e4 {[%csl Rc3]
} 10. Nxe4 Nxe4 11. dxe4 Rxe4 {[%csl Rc4,Re2]} 12. Qd3 (12. Nd2 Re8 13. Bb2 Nf6
14. e4 {1/2 (14) Pfleger,H (2490)-Hausner,I (2435) Germany 1988}) 12... Qe7 {
[%csl Rb1,Rd3,Re2][%cal Gd7b6,Rc8f5]}) 9... a5 10. a3 h5 $146 {[%cal Rh5h4,
Gd7f8,Gf8h7,Gh7g5] This move appeared to be an over-the-board novelty. Larsen
would love to see that. First ...a7-a5, then ...h7-h5. However, while the
first move was designed to make the rook work from its initial position, the
latter intends to start the real play on "my own flank".} (10... Nh5 $6 {
[%csl Rd5,Re4,Rg2][%cal Gf7f5,Gf5f4] is somewhat slow, and the advance of the
f pawn will weaken the light squares in the centre.}) 11. b4 axb4 12. axb4 h4
13. Nde4 {[%csl Rc3,Re4][%cal Rg2e4,Rc3e4]} ({It was probably better to finish
the development of the pieces-} 13. Bb2) 13... Nh7 $1 {[%csl Re4][%cal Gf7f5]
Now ...f7-f5 is coming with tempo, and the knights are obstructing each other.
The Polish GM tries to support them tactically.} 14. Qd2 $6 {[%csl Rd2,Re4]
[%cal Re4d2]} Ndf8 {[%cal Gc7c6,Gd6d5]} (14... f5 {White's idea is dicovered
in the line:} 15. Ng5 Bh6 $2 16. Bd5+ Kg7 (16... Kh8 17. Nf7+) 17. Ne6+ $18 {
[%csl Rh6][%cal Rd2h6]}) 15. c5 Be6 $6 {Misses a small detail.} ({I somehow
missed that in the line:} 15... d5 16. Nxd5 Qxd5 17. Nf6+ Nxf6 18. Bxd5 Nxd5 {
[%cal Gf8e6,Ge6d4] Black takes three (and not two!) pieces for the queen.
Despite what the computer says, I would love to have the pieces here.}) (15...
h3 $5 {was another decent option.} 16. Bh1 Be6 17. cxd6 cxd6 {[%cal Gd6d5,
Rb7b6]}) 16. cxd6 cxd6 17. gxh4 $1 {This is it, White can take the pawn, and
make use of the g5-square.} d5 (17... Qxh4 18. Nxd6 Bh3 19. Bxh3 Qxh3 20. Nxe8
Qg4+ 21. Kh1 $18) (17... f5 $2 18. Ng5 {[%csl Rb7,Re6]}) 18. Ng5 {White
returns the favour. He could have achieved an edge with:} (18. Nc5 d4 19. Nb5
$1 {Not:} (19. N3e4 Bd5 {[%cal Rb7b6]}) ({nor:} 19. Nxb7 $2 dxc3 20. Nxd8 cxd2
21. Nxe6 dxc1=Q 22. Rfxc1 Nxe6 23. Bxa8 Rxa8 $17) 19... Qb6 {[%csl Rb5][%cal
Ra8a2]} 20. Na3 $1) 18... d4 19. Nce4 (19. Nxe6 $2 dxc3) 19... Bd5 {Now the
centralised position of the black pieces compensates with interest for the
lost pawn.} 20. f4 (20. h5 gxh5 {[%csl Rf4,Rh4][%cal Gf8g6,Gg6h4,Gg6f4]}) 20...
f5 21. Ng3 (21. Nc5 Bxg2 22. Kxg2 exf4 {[%cal Rc5b7,Rd8d5]} 23. Qxf4 Rxe2+ $17)
21... Bxg2 22. Kxg2 Qd5+ 23. Kg1 Nxg5 $1 24. hxg5 Ne6 25. fxe5 ({Or:} 25. Qe1
Ra2 $5 $17 (25... Nxf4 26. Bxf4 exf4 27. Rxf4 Be5 {with powerful
centralisation.})) 25... Bxe5 {[%cal Rg8g7,Re8h8,Re5g3,Rh8h1] The centralised
position of the black pieces allows him to play on both flanks. At the moment,
a decisive attack is on the agenda.} 26. Qd1 {[%cal Rd1b3]} (26. Qe1 Ra2 {
[%cal Re5g3]}) 26... Ra2 {Prevents Qd1-b3. However, some consistency would do
no harm:} (26... Kg7 27. Qb3 (27. Bb2 Nxg5) 27... Qd6 28. Rf3 Rh8 29. b5 Rh4
$17 {[%csl Rh2][%cal Gh4g4,Ra8h8,Rh4h2]}) 27. Rf2 (27. Qb3 Qxb3 28. Rxb3 Bxg3
29. hxg3 Rxe2 $17 {takes back the pawn with comfort.}) 27... Rc8 28. Nf1 {
The culmination of the battle. I had to decide which rook to place on c2. The
logic showed that it should be the less active one, but...} Rac2 $2 {One wrong
move and a good game is thrown away. After the correct:} (28... Rcc2 $1 {
The game might have finished with a beautiful attack:} 29. h4 {would not help
neither, as White has practically nothing to move.} (29. e4 dxe3 $1 30. Rxc2 {
White is also getting mated after:} (30. Nxe3 Rxf2 31. Nxd5 Rg2+ 32. Kf1 Rxh2 {
[%cal Rh2h1]} 33. Kg1 Rag2+ 34. Kf1 Rf2+ 35. Kg1 Bd4 {[%cal Rf2g2,Rg2g1]} 36.
Be3 Bxe3 37. Nxe3 Nxg5 {[%cal Rg5h3]}) 30... Nxg5 $1 {[%cal Gg5h3] and despite
the extra move (and rook!) White cannot prevent mate!} 31. Ng3 (31. Nxe3 Nh3+
32. Kf1 Qh1+ 33. Ke2 Qxh2+ 34. Kf3 (34. Ke1 Bc3+ 35. Kf1 Qf2+ 36. Rxf2 Rxf2#)
34... Qf2+ 35. Rxf2 Rxf2#) 31... Nh3+ 32. Kf1 Rxc2 33. Qxc2 Qf3+ 34. Ke1 Bxg3+
35. hxg3 Qxg3+ {[%csl Yc1,Yc2]} 36. Kd1 Qg1+ 37. Ke2 Qf2+ 38. Kd1 Qf1#) 29...
Qc6 {There is a more prosaic way to end the game-} (29... Qd6 {[%csl Rb4]} 30.
Ra1 Rxa1 31. Qxc2 Qc6 32. Qxc6 bxc6 33. Bd2 Bg3 {[%csl Rg5,Rh4]} 34. Rf3 Bxh4
35. Rh3 Be1 36. Bxe1 Rxe1 $19 {[%csl Rb4,Re2,Rg5][%cal Re1b1,Rb1b4,Re6g5,Re1e2]
}) 30. Qe1 Bf4 $1 31. Bxf4 Nxf4 32. Rxf4 Rxe2 $19 {[%csl Re1,Rg2][%cal Rc6g2,
Re2e1]}) 29. e4 Qa2 30. Rb2 $1 {A story as old as the game of chess. I saw
that one only after I had played Ra2-c2. My hopes were pinned on:} (30. Rxc2
Rxc2 {[%cal Rc2g2,Rg2h2]} 31. Bd2 fxe4 32. dxe4 d3 $17 {[%cal Ra2c4,Rc4e4,
Re5d4,Re6f4]}) 30... Rxb2 $6 {My frustration was that bad, that I did not put
up strong resistance:} (30... Rxc1 31. Qxc1 Rxc1 32. Rxa2 Nxg5 33. Kg2 fxe4 (
33... Ne6 $1 34. exf5 Nf4+ 35. Kf3 (35. Rxf4 Bxf4 36. fxg6 Kg7) 35... Nxd3 {
[%csl Rb4,Rf1,Rf2,Rf5]} 36. Rfd2 Nxb4 37. Rab2 Rxf1+ 38. Kg2 Rxf5 39. Rxb4 $11)
34. Ra5 Nf3 35. dxe4 Ne1+ 36. Kg1 Bc7 {[%cal Rd4d3,Rc7b6]} 37. Rc5 Rc3 {
[%cal Rc7b6]}) 31. Rxb2 Qa1 32. Qb3 $1 ({Much better than:} 32. Rc2 Rxc2 33.
Qxc2 Qc3 $1) 32... Qa6 (32... Rxc1 33. Qxe6+ Kh7 34. Rf2 $18) 33. exf5 gxf5 34.
Re2 Qd6 {And it is White's turn to be flashy, which he does not miss:} 35. Bf4
$1 {After this game the Polish GM achieved three morve wins to start with the
fabulous 8/8!} (35. Bf4 Bxf4 36. Rxe6 Rc3 37. Re8+ Kg7 38. Qg8#) 1-0

[Event "POL-ch 52nd"]
[Site "Warsaw"]
[Date "1995.??.??"]
[Round "3"]
[White "Urban, Klaudiusz"]
[Black "Kempinski, Robert"]
[Result "1-0"]
[WhiteElo "2410"]
[BlackElo "2435"]
[Annotator "Bulletin"]
[PlyCount "97"]
[EventDate "1995.02.11"]
[EventType "tourn"]
[EventRounds "17"]
[EventCountry "POL"]
[EventCategory "8"]
[SourceTitle "EXT 1999"]
[Source "ChessBase"]
[SourceDate "1998.11.16"]
[SourceVersion "1"]
[SourceVersionDate "1998.11.16"]
[SourceQuality "1"]

1. g3 g6 2. Bg2 Bg7 3. Nf3 Nf6 4. O-O O-O 5. c4 d6 6. Nc3 e5 7. d3 Re8 8. Rb1
c6 9. b4 h6 10. b5 d5 11. bxc6 Nxc6 12. Nd2 d4 13. Nce4 Bf8 14. Nxf6+ Qxf6 15.
Qa4 Kg7 16. Ba3 Bxa3 17. Qxa3 Qe7 18. Qxe7 Rxe7 19. Rb3 Rc7 20. Rfb1 Nd8 21.
Ne4 Rc6 22. Rb5 f6 23. R1b2 Ne6 24. Nd2 Rb6 25. a4 Rxb5 26. Rxb5 Rb8 27. a5 b6
28. Ne4 Bb7 29. axb6 Bxe4 30. bxa7 Ra8 (30... Rxb5 31. cxb5 Bxg2 32. Kxg2 Nc7
33. b6 $18) 31. Bxe4 Rxa7 32. h4 Rc7 33. Bd5 Nc5 34. Rb8 f5 35. f3 Nd7 36. Rg8+
Kf6 37. Rh8 Nb6 38. Rf8+ Kg7 39. Rd8 Nxd5 40. Rxd5 Kf6 41. Rd6+ Kf7 42. h5 $1
gxh5 43. Rxh6 Rc8 44. Rxh5 Kg6 45. Rh4 Ra8 46. Kf2 Ra2 47. g4 fxg4 48. Rxg4+
Kf5 49. Re4 1-0

[Event "Zonal Randers Final"]
[Site "Randers"]
[Date "1982.01.??"]
[Round "2"]
[White "Karlsson, Lars"]
[Black "Kagan, Shimon"]
[Result "1-0"]
[WhiteElo "2500"]
[BlackElo "2425"]
[Annotator "Bulletin"]
[PlyCount "115"]
[EventDate "1982.01.??"]
[EventType "tourn"]
[EventRounds "7"]
[EventCountry "DEN"]
[EventCategory "8"]
[SourceTitle "MCL"]
[Source "ChessBase"]
[SourceDate "1999.07.01"]
[SourceVersion "1"]
[SourceVersionDate "1999.07.01"]
[SourceQuality "1"]

1. c4 Nf6 2. g3 e5 3. Bg2 Nc6 4. Nc3 g6 5. e4 Bg7 6. Nge2 O-O 7. O-O Nh5 (7...
d6 {/\ Be6, Qd7}) 8. f4 exf4 9. gxf4 d6 10. d4 Bg4 11. Be3 f5 12. e5 dxe5 13.
dxe5 Qxd1 14. Raxd1 g5 15. Rd7 Rac8 16. Bxc6 bxc6 17. fxg5 f4 18. Rxg7+ Kxg7
19. Bxa7 Kg6 20. Nd4 Rfe8 21. Re1 f3 22. Kf2 Nf4 23. Kg3 Nd3 24. Rf1 Nxe5 25.
Ne4 c5 26. Bxc5 Nd3 27. Nf6 Nxc5 28. Kxg4 h5+ 29. Kxf3 Re5 30. h4 Rd8 31. Rd1
Na4 (31... Ne6 32. Nc6 Rf5+ 33. Ke3 Rxd1 34. Ne7+ $18) 32. Nd5 Nxb2 33. Nf4+
Kh7 34. g6+ Kg8 35. Nc6 Rxd1 36. Nxe5 Re1 37. Nf7 Kg7 38. Ng5 Nxc4 39. Nge6+
Kh6 40. g7 Rg1 41. Nxh5 Ne5+ 42. Kf2 Rg6 43. Nhf4 Rg4 44. a4 c5 45. a5 c4 46.
a6 Nc6 47. Nd5 Na7 48. Nf6 Rxg7 49. Nxg7 Kxg7 50. Ne4 Kg6 51. Ke3 Nc6 52. Kd2
Kh5 53. Kc3 Kxh4 54. Kxc4 Kg4 55. Kc5 Na7 56. Nd6 Kf4 57. Kb6 Ke5 58. Kxa7 1-0

[Event "Match/Nation BUL-DDR"]
[Site "Albena"]
[Date "1983.05.22"]
[Round "2.8"]
[White "Georgiev, Kiril"]
[Black "Casper, Thomas"]
[Result "1/2-1/2"]
[WhiteElo "2410"]
[BlackElo "2355"]
[Annotator "Casper,T"]
[PlyCount "130"]
[EventDate "1983.05.21"]
[EventType "team-schev"]
[EventRounds "4"]
[EventCountry "BUL"]
[SourceTitle "EXT 2013"]
[Source "ChessBase"]
[SourceDate "2012.11.22"]
[SourceVersion "1"]
[SourceVersionDate "2012.11.22"]
[SourceQuality "1"]
[WhiteTeam "Bulgarien"]
[BlackTeam "German Dem Rep"]
[WhiteTeamCountry "BUL"]
[BlackTeamCountry "DDR"]

{SCHACH 8/1983 Seiten 344-345} 1. Nf3 Nf6 2. c4 g6 3. g3 Bg7 4. Bg2 O-O 5. O-O
d6 6. Nc3 e5 7. d3 Re8 8. Rb1 c6 9. Bg5 h6 10. Bxf6 Bxf6 11. Nd2 a5 12. a3 Be6
13. Nde4 Be7 {Weiß hat die Eröffnung recht anspruchslos behandelt - die
Stellung ist ausgeglichen.} 14. b4 axb4 15. axb4 Nd7 16. Qb3 Nb6 $6 {Eine
Halluzination. Ich hatte mich auf den Vorstoß d5 versteift und übersah, daß
dieser Zug wieder das Feld c5 freigibt.} ({Sofort} 16... f5 {war geboten.}) 17.
Rfc1 f5 18. Nd2 Bg5 19. Qd1 d5 20. h4 Be7 21. c5 Nd7 ({Auch} 21... d4 {war
möglich} 22. cxb6 dxc3 23. Rxc3 Qxb6 (23... Qd4 $6) 24. Nc4 Qb5) 22. e4 $1 {
Das einzige, sonst spielt Schwarz selbst e4 und erhält starken Angriff.} Nf6
23. Bh3 Ra3 24. Qc2 Bf8 25. h5 $2 {Verliert ohne Kompensation einen Bauern.
Besser war es, die Spannung aufrechtzuerhalten,} ({z.B. mit} 25. Kg2 {,zumal
bei Schwarz die Bedenkzeit knapp wurde.}) 25... fxe4 26. Bxe6+ Rxe6 27. dxe4
Nxh5 28. exd5 cxd5 29. Qd3 e4 $1 {[#]Das hatte Weiß übersehen.} ({Nach} 29...
d4 30. Qc4 {/\ Nce4 stände er überlegen.}) 30. Qe2 ({Klar, dass jetzt} 30. Qxd5
Qxd5 31. Nxd5 Rd3 32. Nc7 Re7 {eine Figur verliert.}) 30... Qg5 $6 ({Noch
stärker war sofort} 30... e3) 31. Qe3 $1 {Die einzige Chance, sonst wird Weiß
mit Nf4 oder e3 überrannt.} Qxe3 32. fxe3 Bg7 $6 {Schon ungenau.} ({Sofort} 
32... Nxg3 {war einfacher.}) 33. Rb3 Rxb3 34. Nxb3 Nxg3 35. Kf2 Nf5 $2 ({
Noch immer genügte} 35... Bxc3 {/\ Nf5 zum Gewinn.}) 36. Nxd5 Ra6 37. Na5 {
Das hatte ich übersehen. Nun scheint es, als sollte Weiß leicht gewinnen.} h5
38. Rc4 h4 39. Rxe4 h3 40. Kg1 g5 41. Kh2 $6 {Dieser Zug gefährdet den Sieg,} (
{der mit} 41. Rg4 {sicherzustellen war.}) 41... Rh6 42. Nxb7 Kh7 {Abgabezug}
43. b5 Rh5 $1 {Der einzige Sinn dieses auf den ersten Blick absurden Zuges
liegt in der Deckung des Pg5.} ({Sowohl} 43... g4 44. Rxg4 Be5+ 45. Kh1 Ng3+
46. Rxg3 Bxg3 47. c6 Rh4 48. Nf4) ({als auch} 43... Ng3 44. Rg4 Be5 45. Rxg5 $1
{mit ähnlichen Abspielen wie eben sind hoffnungslos.}) 44. c6 Ng3 45. Rg4 Be5 {
/\ Ne4+} 46. Nf6+ (46. Rxg3 {scheitert an} Bxg3+ 47. Kh1 Rh4 48. Nf4 Bxf4 49.
exf4 Rxf4 50. c7 Rc4 51. b6 g4 52. Nd6 Rc1+) 46... Bxf6 47. c7 (47. Rxg3 $2 Be5
{und Schwarz gewinnt}) 47... Be5 48. c8=Q Ne4+ 49. Rf4 (49. Kh1 {reicht nicht
zum Sieg, da dem Weißen nach} Nf2+ 50. Kg1 h2+ 51. Kxf2 h1=Q {ein zweizügiges
Matt droht, so dass er ewiges Schach geben muss.}) 49... gxf4 50. Qd7+ Kh6 51.
Qc6+ Nf6 52. exf4 Bxf4+ 53. Kh1 Kg6 54. Nc5 $6 {Gewinnversuche konnten hier
nur noch mit} (54. Qc5 {angestellt werden, da jetzt der Läufer das
ausgezeichnete Feld g3 erhält.}) 54... Rd5 55. Nd3 Bg3 (55... Rxd3 56. Qc2) 56.
b6 Kg7 57. Qb7+ Kg6 58. Qc6 Rf5 {Der sicherste Weg zum Remis.} 59. Kg1 (59. Qc1
Ng4 60. b7 (60. Qg1 Rf3 61. Ne5+ Nxe5 62. b7 Ng4 63. b8=Q Nf2+ 64. Qxf2 Bxf2)
60... Ne3) 59... h2+ 60. Kg2 Rg5 61. Nf2 (61. Kf1 Ra5) 61... Bxf2+ 62. Kxf2 Rg1
63. b7 h1=Q 64. Qxh1 Rxh1 65. b8=Q Rh5 1/2-1/2

[Event "Copenhagen IM (Politiken Cup-05)"]
[Site "Copenhagen"]
[Date "1983.10.16"]
[Round "3"]
[White "Karlsson, Lars"]
[Black "Mortensen, Erling"]
[Result "0-1"]
[WhiteElo "2505"]
[BlackElo "2475"]
[Annotator "ChessBase"]
[PlyCount "96"]
[EventDate "1983.10.14"]
[EventType "tourn"]
[EventRounds "9"]
[EventCountry "DEN"]
[SourceTitle "MCL"]
[Source "ChessBase"]
[SourceDate "1999.07.01"]
[SourceVersion "1"]
[SourceVersionDate "1999.07.01"]
[SourceQuality "1"]

1. c4 Nf6 2. Nc3 g6 3. g3 Bg7 4. Bg2 O-O 5. Nf3 d6 6. O-O e5 7. d3 Nbd7 8. Rb1
a5 9. a3 c6 10. Nd2 Nc5 $1 11. b4 axb4 12. axb4 Ne6 13. e4 Nd4 14. Nb3 Bg4 15.
Qd2 Nxb3 (15... Nf3+ 16. Bxf3 Bxf3 17. h3 {/\ Qe3, Nd2}) 16. Rxb3 Be6 17. Ra3
Qd7 18. Na4 Qc7 19. Qc2 Ra6 20. Bb2 Nd7 21. Rfa1 f5 22. Bh3 (22. Qc3 $5) 22...
Nf6 23. c5 d5 24. exf5 Bxf5 25. Bxf5 gxf5 26. Nb6 Rxa3 27. Rxa3 e4 (27... f4
28. Qe2 $1) 28. Ra8 Rxa8 29. Nxa8 Qe7 30. dxe4 Qxe4 31. Qxe4 Nxe4 32. Bxg7 Kxg7
33. Nb6 Kf6 34. Nd7+ Ke7 35. Ne5 Ke6 36. Nd3 d4 37. Nf4+ Ke5 38. f3 Nc3 39. Kf2
Na2 40. Nd3+ Kd5 41. g4 fxg4 42. fxg4 Kc4 43. Ne5+ (43. Ke2 Nxb4 44. Nxb4 Kxb4
45. h4 Kxc5) 43... Kxb4 44. g5 Kxc5 45. h4 Kd6 46. Ng4 Ke6 47. h5 Nc3 48. Kf3
d3 (48... d3 49. Ke3 d2 50. Kxd2 Ne4+ $19) 0-1

[Event "Julian Borowski 1st"]
[Site "Essen"]
[Date "1999.04.01"]
[Round "5"]
[White "Podzielny, Karl Heinz"]
[Black "Christiansen, Larry Mark"]
[Result "0-1"]
[WhiteElo "2499"]
[BlackElo "2581"]
[Annotator "Dautov,R"]
[PlyCount "86"]
[EventDate "1999.03.??"]
[EventType "tourn"]
[EventRounds "9"]
[EventCountry "GER"]
[EventCategory "14"]
[SourceTitle "CBM 071"]
[Source "ChessBase"]
[SourceDate "1999.08.01"]
[SourceVersion "1"]
[SourceVersionDate "1999.08.01"]
[SourceQuality "1"]

1. g3 g6 2. Bg2 Bg7 3. Nf3 e5 4. O-O d6 5. c4 Nf6 6. Nc3 O-O 7. d3 Re8 8. Rb1
a5 9. a3 c6 10. Bg5 Nbd7 11. Ne1 {Sieht etwas künstlich aus. Vorzuziehen wäre}
(11. b4 axb4 12. axb4 h6 13. Bxf6 Nxf6 14. b5) 11... h6 12. Bd2 Nf8 13. Nc2 d5
14. cxd5 cxd5 $11 15. d4 e4 16. Bf4 g5 17. Be5 Ng6 $6 {Schwarz hat mühelos
ausgeglichen, aber jetzt beginnt er das Spiel mit dem Feuer und schwächt
seinen Bauern d5.} ({Sicherer war} 17... N8d7 18. Bxf6 (18. Bd6 $2 Qb6) 18...
Nxf6 $11) 18. Bxf6 Bxf6 19. f3 (19. Ne3 Ne7 $1 (19... Be6 20. f3 exf3 21. Rxf3
Bg7 22. Nf5 $14) 20. f3 exf3 21. Rxf3 Bg7 $11) 19... exf3 20. Bxf3 Ne7 $1 (
20... Bh3 $6 21. Rf2 Ne7 22. e4 dxe4 23. Bxe4 $16) (20... Be6 $6 21. Bxd5 Bxd5
22. Nxd5 Qxd5 23. Rxf6 $16) 21. Bh5 $1 {Es gibt noch eine Schwäche auf f7! Die
anderen Versuche sind harmlos:} (21. Nxd5 Nxd5 22. Bxd5 Qxd5 23. Rxf6 Bf5 $44)
(21. Ne3 Nc6 $1) (21. e4 dxe4 22. Bxe4 Bg7 $11) 21... Ra6 22. Qd3 $6 {Weiß
verfolgt einen grundlegend falschen Plan, die Öffnung der b-Linie kommt nur
dem Gegner zugute. Stattdessen war die energische Zentralstrategie gefragt:} (
22. e4 $1 dxe4 23. Nxe4 Nd5 (23... Bf5 $2 24. Nxf6+ Rxf6 25. Ne3 $16) 24. Qf3
Rae6 (24... Rf8 25. Rbd1 {/\Ne3}) (24... Rc6 25. Rbe1 $1) 25. Rbe1 $14) 22...
Rf8 23. b4 $2 Bg7 24. bxa5 (24. b5 Re6) 24... Qxa5 (24... Rxa5 $11) 25. Rb5 Qc7
$1 (25... Qd8 $2 26. Bf3 Rd6 27. Nb4 $16) 26. Rb3 {Ein offensichtliches
Eingeständnis, das etwas schiefgelaufen ist. Schwarz übernimmt die Initiative.}
(26. Nxd5 Nxd5 27. Rxd5 Rc6 $1 28. Ne3 (28. Nb4 Rc3) 28... Rc3 29. Qe4 Be6 30.
Rb5 Qd7 $1 $17) 26... Be6 27. Ne3 Rb6 28. Rfb1 Rxb3 29. Rxb3 Nc6 30. Nc2 $6 (
30. Nexd5 Qd8) (30. Nb5 $142 $15) 30... Rc8 {/\Na5} 31. Nb5 Qd7 {/\Bf5} 32. Ne3
Na5 $1 $17 33. Rb1 (33. Rc3 Nc4) 33... Nc4 34. Bf3 Nxe3 35. Qxe3 Rc4 36. Qb3 (
36. Qd3 $2 Bf5 37. e4 Rxd4 $1 38. Nxd4 dxe4 39. Bxe4 Qxd4+ $19) 36... g4 $1 (
36... Bf5 $2 37. e4) 37. Bg2 h5 38. Qe3 $2 $138 (38. e3 $142) 38... Bf5 39. Rb3
$2 (39. Rb2) 39... Bg6 $2 (39... Bc2 $1 40. Rb2 Ba4 $19) 40. Qf4 $2 Bc2 41. Rb2
Ba4 $19 42. Qg5 Bxb5 43. Bxd5 Bc6 0-1

[Event "Olympiad-31"]
[Site "Moscow"]
[Date "1994.12.06"]
[Round "6.1"]
[White "Benjamin, Joel"]
[Black "Bologan, Viktor"]
[Result "0-1"]
[WhiteElo "2610"]
[BlackElo "2600"]
[Annotator "Dolmatov,S"]
[PlyCount "120"]
[EventDate "1994.12.01"]
[EventType "team-swiss"]
[EventRounds "14"]
[EventCountry "RUS"]
[SourceTitle "CBM 045"]
[Source "ChessBase"]
[SourceDate "1995.04.01"]
[SourceVersion "1"]
[SourceVersionDate "1995.04.01"]
[SourceQuality "1"]
[WhiteTeam "US of America"]
[BlackTeam "Moldova"]
[WhiteTeamCountry "USA"]
[BlackTeamCountry "MDA"]

1. c4 Nf6 2. Nc3 g6 3. g3 Bg7 4. Bg2 O-O 5. Nf3 d6 6. O-O a6 7. d3 (7. d4 Nc6
8. h3 Rb8 9. Be3 b5 10. Nd2 Bd7 11. Rc1 $14 e5 12. dxe5 dxe5 13. cxb5 axb5 14.
b3 Re8 15. Nde4 Nxe4 16. Nxe4 $14) 7... e5 8. Rb1 h6 9. b4 Nh5 $6 (9... Be6 10.
a4 c6 $10 11. c5 $5) 10. e3 (10. Bd2 c6 11. a4 Be6 12. b5 $132) 10... Be6 11.
Bb2 (11. a4 c6 12. b5) 11... Nd7 12. Qe2 c6 13. a4 (13. d4 $6 Nb6 $5) 13... d5
14. Nd2 Nhf6 15. b5 axb5 16. axb5 Re8 $10 17. Rfc1 $6 (17. bxc6 $5 bxc6 18.
cxd5 cxd5 19. Nb5 Qb6 20. Ba3 $40) 17... d4 $1 18. bxc6 bxc6 (18... dxc3 $2 19.
cxd7) 19. Nce4 Nxe4 20. Nxe4 Qe7 21. exd4 (21. c5 Ra2 22. Nd6 Rb8 23. exd4 exd4
24. Bxc6 Nxc5 $132) 21... exd4 22. Ra1 Bf5 23. Qc2 h5 24. Re1 $6 (24. h4 $5 $10
) 24... h4 25. Rxa8 Rxa8 26. Bc1 $6 (26. Ra1 Rxa1+ 27. Bxa1 h3 28. Bh1 Qb4 $40)
(26. gxh4 $5 Qxh4 27. Ng3 $132) 26... h3 27. Bh1 Qb4 28. Bd2 Qa4 29. Qxa4 Rxa4
$17 30. f4 (30. Nd6 Ne5 31. Nxf5 gxf5 32. Rb1 $17) 30... Ra2 31. Bc1 Bxe4 32.
dxe4 (32. Bxe4 Nc5 $17) 32... Nc5 33. Rd1 (33. e5 Nd3 34. Rd1 Ra1 35. Rxd3
Rxc1+ $19) 33... Nb3 34. Bf3 Bf8 35. f5 Nxc1 36. Rxc1 Bh6 37. Rd1 Be3+ 38. Kh1
$19 Rc2 39. fxg6 fxg6 40. Bg4 Kg7 41. Bxh3 Kf6 $1 (41... Rxc4 42. e5 Rc2 43. e6
$132) 42. Bf1 Ke5 43. Bd3 Ra2 44. h4 c5 45. Bb1 Rb2 46. Bd3 Rf2 47. Bb1 (47.
Rf1 Rd2 $19) 47... g5 48. hxg5 Bxg5 49. Bd3 Be3 50. Bb1 Kf6 51. Bd3 Kg5 52. Ra1
Kg4 53. Ra7 (53. e5 Kh3 $1 54. Bf1+ Kxg3 $19) 53... Rd2 54. Bf1 Kxg3 55. Rg7+
Kf4 56. Rd7 Kxe4 57. Re7+ Kf3 58. Rd7 Rd1 59. Rf7+ Bf4 60. Kg1 d3 0-1